| 000 | 00541cam a22001571 4500 | ||
|---|---|---|---|
| 082 |
_a940.549493 _bGOF _cD |
||
| 100 | 1 |
_aGoffin, Robert, _950051 |
|
| 245 | 1 | 0 |
_aWas Leopold a traitor? _bThe story of Belgium's eighteen tragic days, _cby Robert Goffin. |
| 260 |
_aLondon, _bH. Hamilton _c[1941] |
||
| 300 |
_a210 p. _billus. (maps) _c20 cm. |
||
| 500 | _a"Translated from the French by Marjorie Shaw." | ||
| 526 |
_a0 _b0 _c0 _d940_549493000000000_GOF |
||
| 650 | 0 |
_aMCE _9379 |
|
| 650 | 0 |
_aWorld War, 1939-1945 _zBelgium. _950052 |
|
| 942 |
_2ddc _cBK |
||
| 999 |
_c552795 _d552795 |
||